000 00560nam a2200193Ia 4500
008 151121s9999||||xx |||||||||||||| ||und||
082 _a813-/गोखले
082 _bHNW-7628
100 _aगोखले अरविंद
245 _aकमळण
260 _b"पॉप्युलर बुक डेपो, मुंबई।"
260 _c--
300 _a164
600 _aगोखले अरविंद
630 _aकमळण
700 _aगोखले अरविंद
730 _aकमळण
942 _cBOOK
999 _c1214321
_d1214318